000 00928cam a22003134a 4500
005 20260322212005.0
008 data
010 _a 2003055455
020 _a9780803611665 (hbk.)
020 _a0803611668 (hbk.)
040 _aDLC
_cDLC
_dVET
_dVET
041 0 9 _aeng
042 _anlmcopyc
_anlmcopyc
044 _9United States
050 0 0 _aRC440
_b.T69 2004
060 1 0 _aWY 49
_bT749n 2004
082 0 0 _a616.89/0231
_222
100 1 _aTownsend, Mary C.,
_d1941-
245 1 0 _aNursing diagnoses in psychiatric nursing :
_bcare plans and psychotropic medications /
_cMary C. Townsend.
250 _a6th ed.
260 _aPhiladelphia, PA :
_bF.A. Davis Co.,
_cc2004.
300 _axxix, 577 p. :
_bill. ;
_c20 cm.
504 _aIncludes bibliographical references and index.
650 1 2 _aMental Disorders
_xnursing
650 2 2 _aNursing Diagnosis
650 2 2 _aPatient Care Planning
655 2 _aHandbooks
001 data
999 _c79
_d79